Barrios de Murcia - Estadísticas

Estadísticas generales
  • Esta prueba ha sido intentada 328 veces
  • La puntuación promedio es 12 de 28
Estadísticas de respuestas
Barrio % Correcto
El Carmen
90%
La Fama
79%
La Flota
67%
San Andrés
62%
Infante Juan Manuel
61%
Espinardo
57%
San Antón
57%
Vista Alegre
52%
El Ranero
51%
Santa Eulalia
51%
La Paz
46%
San Antolín
46%
San Juan
43%
Santa María de Gracia
43%
Vistabella
42%
Santiago el Mayor
41%
San Basilio
38%
La Catedral
35%
San Pedro
35%
La Purísima-Barriomar
31%
San Pío X
29%
San Miguel
26%
Santa Catalina
26%
San Lorenzo
24%
San Nicolás
24%
Buenos Aires
20%
San Bartolomé
20%
Nuestra Señora de la Fuensanta
15%
No se encontraron pruebas coincidentes
Distribución de puntuación
Porcentaje de gente con cada puntuación
Porcentaje por número respondido
Historial de tus puntuaciones
No has intentado esta prueba.